TV Show Creators Quiz Stats

 Plays Quiz Updated Feb 21, 2020

Support Sporcle.
Go Orange.
Score 0/34 Timer 07:00
0 Plays Today
Show Creator % Correct
The SimpsonsMatt Groening
64.8%
30 RockTina Fey
60.7%
Curb Your EnthusiasmLarry David
60.6%
South ParkTrey Parker and Matt Stone
57.7%
Saturday Night LiveLorne Michaels
55.1%
LOSTJ. J. Abrams, Damon Lindelof and Jeffrey Lieber
44.5%
Jeopardy!Merv Griffin
40.1%
In Living ColourKeenen and Damon Wayans
37%
Star TrekGene Roddenberry
34.8%
Buffy the Vampire SlayerJoss Whedon
34.7%
The West WingAaron Sorkin
33.3%
Twin PeaksDavid Lynch and Mark Frost
28.4%
Law and OrderDick Wolf
27.2%
ERMichael Crichton
26.2%
Two and a Half MenChuck Lorre and Lee Aronsohn
25.6%
Twilight ZoneRod Serling
24.1%
American IdolSimon Fuller
22.6%
Show Creator % Correct
Ally McBealDavid E. Kelley
22.4%
Grey's AnatomyShonda Rhimes
21.6%
The Love BoatJeraldine Saunders
21.3%
Desperate HousewivesMarc Cherry
21.3%
The SopranosDavid Chase
20.4%
The X-FilesChris Carter
19.8%
FriendsDavid Crane and Marta Kauffman
19.4%
The JeffersonsNorman Lear
16.8%
ScrubsBill Lawrence
16.8%
Six Feet UnderAlan Ball
16.6%
HeroesTim Kring
15.6%
Sex and the CityDarren Star
15.5%
Hill Street BluesSteven Bochco and Michael Kozoll
13.4%
Gilmore GirlsAmy Sherman-Palladino
13.3%
CheersJames Burrows Glen Charles and Les Charles
13.2%
Mary Tyler Moore ShowJames L. Brooks and Allan Burns
9.3%
The ShieldShawn Ryan
6%

From the Vault

Simpsons Guest Stars: Athlete Edition

by redhed311

You might have won the Super Bowl or World Series, but I think you know you have really made it as an athlete when you have appeared on The Simpsons.
Remove Ads.
Support Sporcle.
Get the best of Sporcle when you Go Orange. This ad-free experience offers more features, more stats, and more fun while also helping to support Sporcle. Thank you for becoming a member.

Show Comments

Extras

Top Quizzes Today


Score Distribution

Your Account Isn't Verified!

In order to create a playlist on Sporcle, you need to verify the email address you used during registration. Go to your Sporcle Settings to finish the process.

Report this User

Report this user for behavior that violates our Community Guidelines.

Details: